00689nam a22002297a 450000500170000001000110001702000090002803500110003703700160004804000120006408200240007610000230010024500610012324600470018426000430023127000620027430000200033665000290035665000340038565000210041965000190044020170123162344.0 a364893 c2.50 a364893 bCen Lib/Ret aDPLbUR a954.0841bن ز ی  aنذیر احمد  aروزنامچہ مصاحب غدر /cنذیر احمد  aRoznamcha masahib ghadr /bby Nazir Ahmad  aدہلی bکتب خانہ نظریہ  bدہلی e110006aاردو بازار جامہ مسجد  a206p.c17cm(Hb) a تاریخ - بھارت aہندوستانی تاریخ aHistory -- India aIndian history